Retailing / (Record no. 26654)
[ view plain ]
| 000 -LEADER | |
|---|---|
| fixed length control field | 00590cam a22001935a 4500 |
| 001 - CONTROL NUMBER | |
| control field | 007401473 |
| 005 - DATE AND TIME OF LATEST TRANSACTION | |
| control field | 20180508103042.0 |
| 008 - FIXED-LENGTH DATA ELEMENTS--GENERAL INFORMATION | |
| fixed length control field | 780707s1978 enka frb 001 0 eng d |
| 040 ## - CATALOGING SOURCE | |
| Original cataloging agency | Uk |
| Transcribing agency | Uk |
| Language of cataloging | eng |
| Modifying agency | EG-ScBUE |
| 082 04 - DEWEY DECIMAL CLASSIFICATION NUMBER | |
| Classification number | 658.87 |
| Edition number | 22 |
| Item number | COX |
| 100 1# - MAIN ENTRY--PERSONAL NAME | |
| Personal name | Cox, Roger, |
| Dates associated with a name | 1936- |
| 245 10 - TITLE STATEMENT | |
| Title | Retailing / |
| Statement of responsibility, etc | Roger Cox. |
| 260 ## - PUBLICATION, DISTRIBUTION, ETC. (IMPRINT) | |
| Place of publication, distribution, etc | Plymouth : |
| Name of publisher, distributor, etc | Macdonald and Evans, |
| Date of publication, distribution, etc | 1978. |
| 300 ## - PHYSICAL DESCRIPTION | |
| Extent | xiii, 266 p. : |
| Other physical details | ill. ; |
| Dimensions | 19 cm. |
| 504 ## - BIBLIOGRAPHY, ETC. NOTE | |
| Bibliography, etc | Includes bibliographical references and index. |
| 650 #7 - SUBJECT ADDED ENTRY--TOPICAL TERM | |
| Topical term or geographic name as entry element | Retail trade |
| General subdivision | Handbooks, manuals, etc. |
| Source of heading or term | BUEsh |
| 653 ## - INDEX TERM--UNCONTROLLED | |
| Resource For college | Generalities |
| -- | BAEPS, Business Administration |
| Arrived date list | May2018 |
| 942 ## - ADDED ENTRY ELEMENTS (KOHA) | |
| Source of classification or shelving scheme | Dewey Decimal Classification |
| Withdrawn status | Item status | Source of classification or shelving scheme | Damaged status | Not for loan | Home library | Current library | Shelving location | Date acquired | Total Checkouts | Full call number | Barcode | Date last seen | Koha item type |
|---|---|---|---|---|---|---|---|---|---|---|---|---|---|
| Dewey Decimal Classification | Central Library | Central Library | First floor | 08/05/2018 | 658.87 COX | 000047710 | 15/07/2025 | Book - Borrowing |